000 01361nam0a2200313 4500
001 RU\NLR\bibl\1494860
005 20260405201121.0
010 _a978-5-7380-0335-6
_9500
035 _a(NLR Aleph) 001486374
090 _a1735705
_c1735705
100 _a20100406d2010 |||y0rusy50 ca
101 1 _arus
_aeng
_ceng
102 _aRU
105 _ay |||||||||
200 1 _a"Ирландия, смех твой и слезы в глазах..."
_d"Erin! The tear and the smile in thine eyes..."
_e[сборник поэзии]
_fТомас Мур
_g[пер. с англ. А. Ревича и др.
_gпредисл.: Филип Макдона]
_zeng
210 _aМосква
_cЦентр книги ВГБИЛ
_d2010
215 _a63, [1] с.
_d20
300 _aТекст парал. на рус. и англ. яз.
316 _aС автогр. авт. предисл.
_5NLR
316 _aавтограф
_5NLR:2010-4/4954
510 1 _6z77790
_a"Erin! The tear and the smile in thine eyes..."
_zeng
686 _aШ6(4Вл)57-5я44{Лх1296.1-175}
700 1 _4070
_8rus
_7ca
_aМур
_bТ.
_f1779-1852
_gТомас
_3RU\NLR\auth\7788686
_971614
790 1 _4070
_8eng
_7ba
_aMoore
_bТ.
_f1779-1852
_gТhоmаs
_3RU\NLR\auth\7788687
_971615
801 0 _aRU
_bNLR
_c20100406
_gRCR
801 1 _aRU
_bNLR
_c20100406
942 _cBOOK
980 _aNB